000 00343nam a2200133 i 4500
001 bg
100 1 _aKOŁODZIEJCZYK, Leon
245 0 _aTermodynamika dla wydziałów inżynierii sanitarnej /
_cLeon Kołodziejczyk.
260 _aWarszawa,
_c1964.
040 _cBPK
041 _apol
942 _cKS
008 s pl f |000 0 pol
999 _c7169
_d7169
856 _uhttp://koha.tu.koszalin.pl/cgi-bin/koha/opac-detail.pl?biblionumber=7169
_yKatalog online BPK